=LDR 00000nam 2200000 4500 =001 INLIS000000000034614 =005 20130612140519 =008 ***********************************ind** =035 ##$$0010-061300000034614 =041 ##$$a ind =082 ##$$a 500 =090 ##$$a 500, Rah,s =100 ##$$a Ramatia, Diah =245 ##$$a Sains Untuk Pemula Energi Dalam Kehidupan, Diah Ramatia, Pipit Pitriana; Editor, Christina MM =260 ##$$a 2007 $b Bekasi =300 ##$$a Jil., Illus., 24.cm =650 ##$$a Sains =700 ##$$a Pitriana,Pipit =850 ##$$a NBPNMAT